| 000 | 00764nam a22002297a 4500 | ||
|---|---|---|---|
| 005 | 20250811164152.0 | ||
| 008 | 250811b |||||||| |||| 00| 0 eng d | ||
| 020 | _a978-0-521-69191-8(pbk) | ||
| 037 | _cTB | ||
| 040 |
_aAL _cAL |
||
| 041 |
_2Eng _aEnglish |
||
| 084 |
_aD65,8(B) Q4 _qAL |
||
| 245 | _aCambridge handbook of artificial intelligence | ||
| 260 |
_aUK, Cambridge _bCambridge University Press _c2014 |
||
| 300 | _axii, 354p. | ||
| 365 |
_b1877.66 _cINR |
||
| 650 | _2ENGINEERING | ||
| 700 |
_aFrankish, Keith _eEditor. _9449943 |
||
| 700 |
_aRamsey, William M. _eEditor. _931315 |
||
| 942 |
_2CC _cTB _hD65,8(B) Q4 _n0 |
||
| 999 |
_c1434695 _d1434695 |
||